Statistics for Easiest Maths But In 15 Seconds #5

Click here to take the quiz!

General Stats

  • This quiz has been taken 385 times
  • The average score is 10 of 12

Answer Stats

HintAnswer% Correct
1+01
100%
1+910
93%
BONUS[12889+67+98-67-100]*0={0}
92%
6-33
89%
2+24
88%
10/25
88%
5+16
85%
4-(1+1)2
82%
100-937
76%
64/88
67%
12*112
55%
10*1+111
40%

Score Distribution

Percentile by Number Answered

Percent of People with Each Score

Your Score History

You have not taken this quiz